000 00388nas a2200169 a 4500
001 158779
003 253457
005 20201118123558.0
008 171025s2017 ck ||||||||| 000 0 spa d
041 _aspa
245 0 _aSemana - No.1851 (22-29 oct. 2017)
260 _aBogotá :
_c2017.
562 _e13
773 _016112
_aSemana
942 _cSISS
999 _c158779
_d158779